[Event "Tourn. n9228"]
[Site "www.chess-mail.com"]
[Date "2017.02.28"]
[Round "1"]
[White "Genius7"]
[Black "Sonfamen"]
[WhiteElo "1950"]
[BlackElo "1809"]
[Result "1-0"]
[Round "1"]
1.e4 c5
2.Ng1f3 e6
3.d4 Nb8c6
4.c3 Qd8c7
5.Bf1e2 a6
6.O-O cxd4
7.cxd4 Bf8b4
8.Bc1d2  { time }
1-0

[Event "Tourn. n9228"]
[Site "www.chess-mail.com"]
[Date "2017.02.28"]
[Round "1"]
[White "Sonfamen"]
[Black "Nulladies"]
[WhiteElo "1809"]
[BlackElo "1740"]
[Result "0-1"]
[Round "1"]
1.e4 c5
2.Ng1f3 g6
3.c3 Bf8g7
4.Bf1c4 e6
5.O-O d5
6.exd5 exd5
7.Rf1e1 Ng8e7
8.Bc4b5 Nb8d7
9.d4 a6
10.Bb5a4 b5
 { time }
0-1

[Event "Tourn. n9161"]
[Site "www.chess-mail.com"]
[Date "2017.02.28"]
[Round "1"]
[White "Falcoale"]
[Black "Johnmcbride"]
[WhiteElo "1860"]
[BlackElo "1880"]
[Result "1/2-1/2"]
[Round "1"]
1.e4 e5
2.Ng1f3 d6
3.Bf1c4 h6
4.O-O c6
5.a3 b5
6.Bc4a2 Bf8e7
7.d4 exd4
8.Nf3xd4 Ng8f6
9.f3 O-O
10.Nb1c3 a6
11.Bc1e3 c5
12.Nd4e2 Ra8a7
13.Nc3d5 Nf6xd5
14.Ba2xd5 Bc8b7
15.Bd5a2 Nb8c6
16.Ne2c3 Nc6e5
17.Qd1e2 Bb7c6
18.Ra1d1 Ra7d7
19.Nc3d5 Rd7b7
20.f4 Ne5d7
21.Qe2d2 Nd7b6
22.f5 Nb6xd5
23.exd5 Bc6d7
24.Ba2b1 Be7f6
25.c3 Rf8e8
26.Qd2f2 Bf6h4
27.g3 Bh4g5
28.Be3xg5 Qd8xg5
29.Bb1a2 Qg5f6
30.Ba2b1 Re8e5
31.g4 Bd7c8
32.Rf1e1 Rb7e7
33.Bb1a2 Re5xe1
34.Rd1xe1 Re7xe1
35.Qf2xe1 Bc8d7
36.Ba2b3 Qf6g5
37.Bb3d1 Kf8
38.h3 Qg5e7
39.Qe1xe7 Kxe7
40.Kf2 f6
41.Bd1b3 c4
{ draw }
1/2-1/2

[Event "Tourn. n9215"]
[Site "www.chess-mail.com"]
[Date "2017.02.28"]
[Round "1"]
[White "Milkyway"]
[Black "Paulsyd"]
[WhiteElo "1940"]
[BlackElo "1949"]
[Result "0-1"]
[Round "1"]
1.e4 c5
2.Ng1f3 e6
3.d4 cxd4
4.Nf3xd4 a6
5.c4 Ng8f6
6.Nb1c3 Qd8c7
7.Bf1e2 b6
8.O-O Bc8b7
9.f3 Bf8d6
10.f4 Nf6xe4
11.Nc3xe4 Bb7xe4
12.Be2d3 Be4b7
13.Qd1g4 O-O
14.Bd3xh7 Kxh7
15.Qg4h5 Kg8
16.Bc1e3 Qc7xc4
17.Ra1c1 Qc4xa2
{ resign }
0-1

[Event "Tourn. n9249"]
[Site "www.chess-mail.com"]
[Date "2017.02.28"]
[Round "1"]
[White "Luban"]
[Black "Sonfamen"]
[WhiteElo "2130"]
[BlackElo "2119"]
[Result "1-0"]
[Round "1"]
1.d4 b6
2.e4 Bc8b7
3.Bf1d3 g6
4.Ng1f3 Bf8g7
5.Bc1e3 e6
6.O-O Ng8e7
7.c3 d5
8.Qd1c2 Nb8c6
9.a3 dxe4
10.Bd3xe4 O-O
11.c4  { time }
1-0

[Event "Tourn. n9249"]
[Site "www.chess-mail.com"]
[Date "2017.02.28"]
[Round "1"]
[White "Bojan"]
[Black "Sonfamen"]
[WhiteElo "2020"]
[BlackElo "2119"]
[Result "1-0"]
[Round "1"]
1.e4 c5
2.c4 e5
3.Nb1c3 Ng8f6
4.d3 a6
5.f4 Nb8c6
6.Ng1f3 exf4
7.Bc1xf4 Qd8b6
8.Qd1d2 Bf8e7
9.b3  { time }
1-0

[Event "Match"]
[Site "www.echecsemail.com"]
[Date "2017.02.28"]
[Round "1"]
[White "Sonfamen"]
[Black "Pariolinius"]
[WhiteElo "1809"]
[BlackElo "2040"]
[Result "0-1"]
[Round "1"]
1.d4 d5
2.Bc1f4 Ng8f6
3.Nb1c3 Bc8f5
4.f3 e6
5.e3 Bf8b4
6.Ng1e2 Nb8c6
7.Qd1d2 O-O
8.O-O-O Qd8e7
9.g4 Bf5g6
 { time }
0-1

[Event "Match"]
[Site "www.echecsemail.com"]
[Date "2017.02.28"]
[Round "1"]
[White "Ericleo1980"]
[Black "Sonfamen"]
[WhiteElo "2190"]
[BlackElo "1809"]
[Result "1-0"]
[Round "1"]
1.e4 Ng8f6
2.e5 Nf6d5
3.d4 e6
4.Ng1f3 d6
5.Bf1d3 dxe5
6.Nf3xe5 Nb8c6
7.Ne5f3  { time }
1-0

[Event "Match"]
[Site "www.echecsemail.com"]
[Date "2017.02.28"]
[Round "1"]
[White "Pdebonis"]
[Black "Gambitmiau"]
[WhiteElo "1499"]
[BlackElo "1940"]
[Result "1-0"]
[Round "1"]
1.e4 Nb8c6
2.Ng1f3 a6
3.d4 d5
4.exd5 Qd8xd5
5.Nb1c3 Qd5h5
6.Bf1e2 Bc8g4
7.O-O O-O-O
8.h3 Bg4e6
9.Nf3g5 Qh5g6
10.d5 Be6f5
11.Be2h5 Bf5xc2
12.Bh5xg6 Bc2xd1
13.Ng5xf7 hxg6
14.dxc6 Rh8h4
{ time. }
1-0

[Event "Match"]
[Site "www.echecsemail.com"]
[Date "2017.02.28"]
[Round "1"]
[White "Sonfamen"]
[Black "Manuelito"]
[WhiteElo "1809"]
[BlackElo "1730"]
[Result "0-1"]
[Round "1"]
1.e3 d5
2.Nb1c3 e6
3.Ng1f3 Ng8f6
4.g3 Bf8e7
5.b3 O-O
6.Bf1g2 c5
7.d3 Nb8c6
8.Bc1b2 e5
9.e4 d4
 { time }
0-1

[Event "Match"]
[Site "www.echecsemail.com"]
[Date "2017.02.28"]
[Round "1"]
[White "Fangshuo"]
[Black "Sonfamen"]
[WhiteElo "2020"]
[BlackElo "1889"]
[Result "1-0"]
[Round "1"]
1.e4 e5
2.Ng1f3 Ng8f6
3.Nb1c3 Nb8c6
4.d4 exd4
5.Nf3xd4 Nc6xd4
6.Qd1xd4 b6
7.Bc1g5  { time }
1-0

[Event "Match"]
[Site "www.echecsemail.com"]
[Date "2017.02.28"]
[Round "1"]
[White "Guidom"]
[Black "Genius9"]
[WhiteElo "2090"]
[BlackElo "1610"]
[Result "1/2-1/2"]
[Round "1"]
1.e4 c5
2.Ng1f3 Nb8c6
3.d4 cxd4
4.Nf3xd4 e5
5.Nd4f5 g6
6.Nf5d6 Bf8xd6
7.Qd1xd6 Qd8e7
8.Qd6d1 Ng8f6
9.Bc1g5 h6
10.Bg5xf6 Qe7xf6
11.Bf1d3 O-O
12.O-O d6
13.Nb1c3 Bc8e6
14.f3 Nc6d4
15.Qd1d2 Kg7
16.f4 exf4
17.Rf1xf4 Qf6e5
18.Ra1f1 Nd4c6
19.a3 a6
20.Nc3d5 Be6xd5
21.exd5 Nc6e7
22.c4 f5
23.Rf1e1 Qe5f6
24.Re1e6 Qf6f7
25.Qd2c3 Kg8
26.Rf4h4 Kh7
27.Qc3e1 Rf8e8
28.Qe1e3 Ne7g8
29.b4 Re8xe6
30.dxe6 Qf7e7
31.Rh4h3 Kg7
32.Rh3g3 Kh7
33.Qe3e2 Ng8f6
34.h4 Ra8e8
35.Qe2f3 Qe7xe6
36.Qf3xb7 Re8e7
37.Qb7f3 { draw }
1/2-1/2

[Event "Match"]
[Site "www.echecsemail.com"]
[Date "2017.02.28"]
[Round "1"]
[White "Sonny1000"]
[Black "Susov"]
[WhiteElo "1280"]
[BlackElo "1890"]
[Result "0-1"]
[Round "1"]
1.d4 d5
2.Ng1f3 Nb8c6
3.Nb1c3 Ng8f6
4.a3 Bc8f5
5.h3 h6
6.Nf3h4 Bf5h7
7.Nc3b5 a6
8.Nh4f5 Bh7xf5
9.c3 axb5
10.Bc1f4 e6
11.Qd1b3 Nc6a7
12.Bf4e5 Bf8d6
13.h4 Bd6xe5
14.a4 Be5d6
15.axb5 b6
16.f3 O-O
17.h5 Bd6g3
18.Kd2 Qd8d7
19.Ra1c1 Qd7xb5
20.Qb3a2 Na7c6
21.e3 Qb5xf1
22.Rc1xf1 Ra8xa2
23.Rf1b1 Bf5xb1
24.Rh1xb1 Nf6xh5
25.Kc1 Nc6a5
26.Kc2 Na5c4
27.Kd3 Ra2xb2
28.Rb1a1 Rb2d2
{ resign }
0-1

[Event "Match"]
[Site "www.echecsemail.com"]
[Date "2017.02.28"]
[Round "1"]
[White "Mechjoura"]
[Black "Fangshuo"]
[WhiteElo "1809"]
[BlackElo "2040"]
[Result "1-0"]
[Round "1"]
1.Ng1f3 d5
2.d4 c5
3.Nb1c3 e6
4.Bc1f4 Nb8c6
5.e3 cxd4
6.exd4 Qd8b6
7.Nc3a4 Qb6a5
8.Na4c3 Bf8b4
9.Bf4d2 Ng8e7
10.a3 Bb4d6
11.Nc3b5 Qa5d8
12.b4 Ne7f5
13.Bf1d3 Bd6e7
14.O-O a6
15.Nb5c3 Nf5xd4
16.Nf3xd4 Nc6xd4
17.Qd1g4 e5
18.Qg4xg7 Be7f6
19.Qg7h6 e4
20.Ra1e1 Bc8e6
21.Bd3xe4 dxe4
22.Nc3xe4 Nd4xc2
23.Ne4xf6 Ke7
24.Bd2g5 { resign }
1-0

[Event "Match"]
[Site "www.echecsemail.com"]
[Date "2017.02.28"]
[Round "1"]
[White "Paco"]
[Black "Balbyns"]
[WhiteElo "1880"]
[BlackElo "1199"]
[Result "1/2-1/2"]
[Round "1"]
1.e4 c5
2.Bf1c4 e6
3.Ng1f3 d5
4.exd5 exd5
5.Bc4b5 Bc8d7
6.Qd1e2 Qd8e7
7.Bb5xd7 Nb8xd7
8.Qe2xe7 Bf8xe7
9.O-O Be7f6
10.Rf1e1 Ng8e7
11.c3 O-O
12.d4 Rf8e8
13.Nb1a3 a6
14.dxc5 Nd7xc5
15.Re1e3 Ne7f5
16.Re3e1 Nf5h4
17.Bc1e3 Nh4xf3
18.gxf3 Nc5e6
19.Ra1d1 Ra8d8
20.Be3b6 Rd8d6
21.Bb6d4 Bf6xd4
22.cxd4 Rd6d8
23.b4 Ne6g5
24.Kg2 Rd8c8
25.Re1e5 Re8xe5
26.dxe5 Rc8d8
27.f4 Ng5e4
28.b5 Ne4c3
29.Rd1d2 axb5
30.h4 b4
31.Na3c2 Nc3xa2
32.Nc2d4 Na2c1
33.Nd4f5 Kf8
34.Nf5d6 { draw }
1/2-1/2

[Event "Match"]
[Site "www.echecsemail.com"]
[Date "2017.02.28"]
[Round "1"]
[White "Mdesouza"]
[Black "Genius9"]
[WhiteElo "2410"]
[BlackElo "1610"]
[Result "1-0"]
[Round "1"]
1.d4 d5
2.Ng1f3 Ng8f6
3.Bc1f4 c6
4.e3 Bc8g4
5.Bf1e2 e6
6.O-O Bf8d6
7.Nf3e5 Bg4xe2
8.Qd1xe2 O-O
9.Nb1d2 Qd8e7
10.Bf4g5 Nb8d7
11.f4 Qe7d8
12.Rf1f3 c5
13.Ne5xd7 Qd8xd7
14.Bg5xf6 gxf6
15.Rf3h3 f5
16.c3 cxd4
17.cxd4 f6
18.g4 fxg4
19.Qe2xg4 Kh8
20.Kf2 Rf8g8
21.Qg4h4 Bd6e7
22.Qh4xh7 { resign }
1-0

[Event "Match"]
[Site "www.echecsemail.com"]
[Date "2017.02.28"]
[Round "1"]
[White "Gambitmiau"]
[Black "Roque1"]
[WhiteElo "1890"]
[BlackElo "1710"]
[Result "0-1"]
[Round "1"]
1.e4 c5
2.Ng1f3 e6
3.Bf1c4 Ng8f6
4.e5 Nf6g8
5.d4 cxd4
6.Nf3xd4 d6
7.Nb1c3 dxe5
8.Nd4f3 Nb8c6
9.Qd1xd8 Nc6xd8
10.Nf3xe5 Ng8f6
11.Bc1g5 Bf8e7
12.Bg5xf6 Be7xf6
13.Bc4b5 Nd8c6
14.Ne5xc6 bxc6
15.Bb5xc6 Ke7
16.Bc6xa8 Bc8a6
17.Ba8f3 Rh8d8
18.Nc3a4 Ba6b5
19.Na4c5 Bf6xb2
20.Bf3e2 Bb2c3
21.Kf1 Bc3xa1
22.Be2xb5 Rd8d1
23.Ke2 Rd1xh1
24.h3 Rh1b1
25.Bb5c4 Ba1d4
26.Nc5b3 Rb1b2
27.Nb3xd4 Rb2b4
28.Nd4c6 Kd6
29.Nc6xb4 Kc5
30.Bc4xe6 fxe6
31.Nb4d3 Kc4
32.Kd2 Kd4
33.c3 Kc4
34.Nd3b4 a5
35.Nb4c6 Kb5
36.Nc6d4 { time. }
0-1

[Event "Match"]
[Site "www.echecsemail.com"]
[Date "2017.02.28"]
[Round "1"]
[White "Yaw1"]
[Black "Pwain"]
[WhiteElo "1809"]
[BlackElo "2410"]
[Result "0-1"]
[Round "1"]
1.f4 d5
2.Ng1f3 Ng8f6
3.Nb1c3 d4
4.Nc3b5 c5
5.Nb5a3 Nb8c6
6.Na3c4 e6
7.d3 Bf8e7
8.Bc1d2 b5
9.Nc4e5 Nc6xe5
10.Nf3xe5 Bc8b7
11.Rh1g1 O-O
 { time }
0-1

[Event "Match"]
[Site "www.echecsemail.com"]
[Date "2017.02.28"]
[Round "1"]
[White "Pinehill"]
[Black "Osvalazo"]
[WhiteElo "2010"]
[BlackElo "1800"]
[Result "0-1"]
[Round "1"]
1.e4 e5
2.d4 exd4
3.Bf1c4 Nb8c6
4.Ng1f3 Qd8e7
5.O-O h6
6.e5 Nc6xe5
7.Nf3xe5 d5
 { time }
0-1

[Event "Match"]
[Site "www.echecsemail.com"]
[Date "2017.02.28"]
[Round "1"]
[White "Lcmachado"]
[Black "Mihaiiorga"]
[WhiteElo "1369"]
[BlackElo "1199"]
[Result "0-1"]
[Round "1"]
1.e4 c5
2.Bf1c4 e6
3.Ng1f3 Nb8c6
4.d4 cxd4
5.Nf3xd4 Ng8f6
6.Nd4xc6 bxc6
7.Nb1c3 d5
8.exd5 exd5
9.Bc4d3 Bf8e7
10.Qd1f3 Bc8e6
11.Bc1g5 Ra8b8
12.b3 Be7b4
13.Bd3e2 d4
14.O-O Bb4xc3
15.Qf3xc6 Qd8d7
16.Qc6xd7 Be6xd7
17.Bg5xf6 gxf6
{ resign }
0-1

[Event "Match"]
[Site "www.echecsemail.com"]
[Date "2017.02.28"]
[Round "1"]
[White "Sonfamen"]
[Black "Add"]
[WhiteElo "2119"]
[BlackElo "2150"]
[Result "0-1"]
[Round "1"]
1.e4 d5
2.Nb1c3 d4
3.Nc3d5 c6
4.Nd5b4 e5
5.a3 Ng8f6
6.Ng1f3 Bc8g4
7.d3 a5
8.Nb4a2 h6
9.Bf1e2 Nb8d7
10.O-O Bf8d6
 { time }
0-1

[Event "Match"]
[Site "www.echecsemail.com"]
[Date "2017.02.28"]
[Round "1"]
[White "Sonny1000"]
[Black "Wagner"]
[WhiteElo "1270"]
[BlackElo "1830"]
[Result "0-1"]
[Round "1"]
1.d4 d5
2.Nb1c3 c6
3.Qd1d3 Ng8f6
4.Ng1f3 h6
5.Nf3e5 Nf6h5
6.Ne5g6 Rh8g8
7.Ng6xf8 Kxf8
8.Qd3h7 Nh5f6
9.Qh7d3 b5
10.Nc3xb5 Bc8a6
11.a4 Qd8b6
12.f3 cxb5
13.a5 Qb6d6
14.b3 b4
15.c4 Nb8c6
16.c5 Ba6xd3
17.exd3 Qd6e6
18.Kf2 Nc6xd4
19.Ra1a4 Nd4c2
20.Bc1d2 Qe6f5
21.Ke2 Nc2d4
22.Kd1 g5
23.g4 Qf5xf3
24.Ke1 Nd4c2
{ resign }
0-1

[Event "Match"]
[Site "www.echecsemail.com"]
[Date "2017.02.28"]
[Round "1"]
[White "Witpar"]
[Black "Romaamor69"]
[WhiteElo "2630"]
[BlackElo "2380"]
[Result "1-0"]
[Round "1"]
1.d4 e6
2.c4 d5
3.Nb1c3 Bf8e7
4.cxd5 exd5
5.Bc1f4 Ng8f6
6.e3 Bc8f5
7.Ng1e2 O-O
8.Ne2g3 Bf5e6
9.Bf1d3 c5
10.dxc5 Be7xc5
11.O-O Nb8c6
12.Ra1c1 Ra8c8
13.Nc3b5 b6
14.a3 Qd8d7
15.b4 Bc5e7
16.Qd1a4 h6
17.Nb5c7 g5
18.Nc7xe6 fxe6
19.Bd3b5 gxf4
20.exf4 Qd7d6
21.Bb5xc6 a5
22.b5 Qd6xa3
23.Qa4c2 Kg7
24.Rf1e1 Qa3d6
25.Qc2c3 Kh7
26.Qc3d4 Qd6b4
27.Qd4d3 Kh8
28.Re1xe6 Be7d6
29.Ng3e2 Bd6xf4
30.Rc1b1 Qb4d2
31.Ne2xf4 Qd2xf4
32.g3 Qf4c4
33.Qd3e3 { resign }
1-0

[Event "Match"]
[Site "www.echecsemail.com"]
[Date "2017.02.28"]
[Round "1"]
[White "Estonia"]
[Black "Sonfamen"]
[WhiteElo "2050"]
[BlackElo "2119"]
[Result "1-0"]
[Round "1"]
1.c4 f5
2.Nb1c3 e5
3.e4 Ng8f6
4.d3 f4
5.Ng1f3 Bf8c5
6.Nf3xe5 d6
7.Qd1a4 Kf8
8.Ne5f3 Nf6g4
9.Nc3d1 Qd8f6
10.h3 Ng4e5
11.Bf1e2  { time }
1-0

[Event "Match"]
[Site "www.echecsemail.com"]
[Date "2017.02.28"]
[Round "1"]
[White "Add"]
[Black "Mrynmryn"]
[WhiteElo "2150"]
[BlackElo "2090"]
[Result "1-0"]
[Round "1"]
1.e4 e5
2.Ng1f3 Ng8f6
3.Nb1c3 Nb8c6
4.a3 a6
5.Bf1c4 Bf8c5
6.h3 d6
7.d3 O-O
8.Bc1g5 h6
9.Bg5h4 Nc6d4
10.Nc3d5 g5
11.Nf3xg5 hxg5
12.Bh4xg5 { resign }
1-0

[Event "1/64 Finale"]
[Site "www.chess-mail.com"]
[Date "2017.02.28"]
[Round "1"]
[White "Paulsyd"]
[Black "Senitram"]
[WhiteElo "1739"]
[BlackElo "2700"]
[Result "0-1"]
[Round "1"]
1.e4 c5
2.Ng1f3 d6
3.d4 cxd4
4.Nf3xd4 Ng8f6
5.Nb1c3 a6
6.Bc1g5 e6
7.f4 Qd8b6
8.Nd4b3 Nb8d7
9.Qd1f3 Qb6c7
10.O-O-O b5
11.Bf1d3 b4
12.Nc3e2 Bf8e7
13.g4 Bc8b7
14.Bg5xf6 Nd7xf6
15.g5 Nf6d7
16.Kb1 a5
17.Qf3h3 e5
18.Bd3b5 Bb7c6
19.Bb5xc6 Qc7xc6
20.fxe5 dxe5
21.Rd1d5 a4
22.Nb3d2 Ra8c8
23.Qh3d3 Nd7c5
24.Qd3c4 O-O
25.Rd5xe5 Qc6b7
26.h4 Rf8d8
27.Re5d5 Be7f8
28.Qc4d4 Nc5xe4
29.Ne2f4 Ne4c3
30.bxc3 bxc3
31.Nd2b3 axb3
32.axb3 Rc8a8
33.h5 Rd8c8
34.Nf4d3 Ra8a3
35.Nd3c1 Qb7a8
36.Qd4xc3 Rc8xc3
37.Rh1d1 Ra3a1
38.Kb2 Rc3f3
39.Rd5d3 Rf3xd3
40.Rd1xd3 Qa8a3
{ resign }
0-1

[Event "Fast Game"]
[Site "www.echecsemail.com"]
[Date "2017.02.28"]
[Round "1"]
[White "Sonfamen"]
[Black "Cal"]
[WhiteElo "1599"]
[BlackElo "1670"]
[Result "0-1"]
[Round "1"]
1.e4 e5
2.Ng1f3 d6
3.Bf1c4 h6
4.c3 Ng8f6
5.d3 Bf8e7
6.O-O a6
7.Bc1e3 c6
8.Nb1d2 b5
9.Bc4b3 a5
10.a4 b4
11.cxb4 axb4
12.d4 Bc8g4
13.Nd2c4 Bg4xf3
14.Qd1xf3 Nb8d7
15.Qf3g3 Nf6h5
 { time }
0-1

[Event "Tourn. n9176"]
[Site "www.chess-mail.com"]
[Date "2017.03.01"]
[Round "1"]
[White "Huw"]
[Black "Bojan"]
[WhiteElo "2290"]
[BlackElo "2000"]
[Result "1/2-1/2"]
[Round "1"]
1.e4 e5
2.Nb1c3 Ng8f6
3.f4 exf4
4.Ng1f3 Bf8c5
5.e5 Qd8e7
6.d4 Bc5b4
7.Bc1xf4 Bb4xc3
8.bxc3 Nf6d5
9.Bf4d2 d6
10.Bf1e2 dxe5
11.Nf3xe5 Bc8e6
12.O-O a6
13.c4 Nd5b6
14.d5 Nb6xd5
15.cxd5 Be6xd5
16.Bd2c3 c6
17.a3 Qe7g5
18.Be2f3 Qg5e3
19.Kh1 Qe3xc3
20.Bf3xd5 f6
21.Ne5f7 cxd5
22.Nf7xh8 d4
23.Qd1e2 Kf8
24.Rf1e1 Nb8c6
25.Qe2e6 Nc6e5
26.Re1xe5 Qc3xa1
27.Re5e1 Qa1xe1
28.Qe6xe1 Ra8e8
29.Qe1b4 Kg8
30.h3 Re8d8
31.Qb4e7 Rd8f8
32.Qe7xb7 Kxh8
33.Qb7xa6 h6
34.Qa6d6 Rf8a8
35.g4 Kh7
36.Kg2 Ra8a4
37.Kf3 Ra4c4
38.Ke4 Rc4xc2
39.Qd6xd4 Rc2h2
40.Qd4d3 Kh8
41.a4 Rh2b2
42.a5 Rb2b4
43.Kf3 h5
44.a6 hxg4
45.hxg4 Rb4a4
46.Qd3d8 Kh7
47.Qd8b6 Kg6
48.a7 Kg5
49.Qb6b5 { draw }
1/2-1/2

[Event "Tourn. n9227"]
[Site "www.chess-mail.com"]
[Date "2017.03.01"]
[Round "1"]
[White "Al3x"]
[Black "Bojan"]
[WhiteElo "2130"]
[BlackElo "2050"]
[Result "0-1"]
[Round "1"]
1.c4 g6
2.g3 Bf8g7
3.Bf1g2 c6
4.Nb1c3 d6
5.d4 a6
6.a4 Qd8b6
7.Ng1f3 Bc8g4
8.a5 Qb6c7
9.O-O Ng8f6
10.Rf1e1 Nb8d7
11.e4 e5
12.Bc1e3 Ra8d8
13.h3 exd4
14.Be3xd4 Bg4e6
15.Qd1e2 O-O
16.e5 dxe5
17.Nf3xe5 Nf6e8
18.Ne5xd7 Rd8xd7
19.Bd4xg7 Kxg7
20.Qe2e5 Qc7xe5
21.Re1xe5 Be6xc4
22.Ra1e1 Ne8f6
23.Re5e7 Rf8d8
24.Nc3a4 Rd7xe7
25.Re1xe7 Rd8d7
26.Re7e1 Bc4e6
27.Na4c5 Rd7e7
28.f4 Kf8
 { time }
0-1

[Event "Tourn. n9236"]
[Site "www.chess-mail.com"]
[Date "2017.03.01"]
[Round "1"]
[White "Orhany24"]
[Black "Norlavuaram"]
[WhiteElo "2220"]
[BlackElo "2180"]
[Result "1-0"]
[Round "1"]
1.e4 e5
2.Ng1f3 Nb8c6
3.Bf1c4 Bf8e7
4.O-O Ng8f6
5.Rf1e1 O-O
6.c3 d6
7.h3 Nc6a5
8.Bc4b5 a6
9.Bb5a4 b5
10.Ba4c2 c5
11.d4 Na5c6
12.d5 Nc6b8
13.b3 h6
14.c4 Qd8c7
15.Nb1d2 Rf8e8
16.Nd2f1 Be7f8
17.Nf1g3 g6
18.Bc1e3 Bf8g7
19.Ra1c1 Bc8b7
20.Bc2b1 Nb8d7
21.Qd1d2 Kh7
22.Nf3h2 Nf6g8
23.Re1f1 Nd7f8
24.f4 exf4
25.Be3xf4 Nf8d7
26.Nh2g4 h5
27.Ng4h2 Nd7e5
28.Nh2f3 Ne5xf3
29.Rf1xf3 Ng8f6
30.Bf4g5 Nf6g8
31.Rc1f1 b4
32.Rf3xf7 Qc7c8
33.e5 dxe5
34.Ng3xh5 { resign }
1-0

[Event "Tourn. n9181"]
[Site "www.chess-mail.com"]
[Date "2017.03.01"]
[Round "1"]
[White "Caspito"]
[Black "Forest"]
[WhiteElo "1860"]
[BlackElo "1880"]
[Result "1-0"]
[Round "1"]
1.e4 c6
2.d4 d5
3.e5 Bc8f5
4.Bf1d3 Bf5xd3
5.Qd1xd3 Qd8a5
6.Bc1d2 Qa5a6
7.Qd3f3 e6
8.Ng1e2 Nb8d7
9.O-O Ng8e7
10.Ne2g3 Ne7g6
11.b4 Bf8e7
12.a4 b6
13.Nb1c3 O-O
14.Nc3e2 Qa6b7
15.Qf3g4 c5
16.b5 c4
17.Ng3h5 Rf8d8
18.c3 Be7f8
19.Ne2f4 Ng6xf4
20.Bd2xf4 Kh8
21.Bf4g5 Rd8e8
22.f4 h6
23.Bg5h4 a6
24.f5 exf5
25.Qg4g3 axb5
26.Rf1xf5 Ra8xa4
27.Ra1xa4 bxa4
28.Rf5xf7 Kg8
29.Rf7xg7 { resign }
1-0

[Event "Tourn. n9174"]
[Site "www.chess-mail.com"]
[Date "2017.03.01"]
[Round "1"]
[White "Julian"]
[Black "Osopanda"]
[WhiteElo "2040"]
[BlackElo "1960"]
[Result "1/2-1/2"]
[Round "1"]
1.e4 c5
2.Ng1f3 Nb8c6
3.d4 cxd4
4.c3 d5
5.exd5 Qd8xd5
6.cxd4 Bc8g4
7.Nb1c3 Qd5a5
8.Bf1e2 e6
9.O-O Ng8f6
10.h3 Bg4h5
11.Rf1e1 Bf8e7
12.Nf3e5 Bh5xe2
13.Nc3xe2 Nc6xe5
14.dxe5 Nf6d5
15.Ne2g3 O-O
16.Ng3e4 Rf8d8
17.Ne4d6 Be7xd6
18.exd6 Rd8xd6
19.Bc1f4 Rd6d7
20.Bf4d2 Qa5d8
21.Qd1b3 a6
22.Ra1d1 b5
23.Qb3g3 Qd8f6
24.Bd2g5 Qf6g6
25.Bg5c1 Qg6xg3
26.fxg3 Ra8d8
27.Bc1g5 f6
28.Bg5c1 a5
29.Re1xe6 Kf7
30.Re6a6 a4
31.b3 axb3
32.axb3 Nd5c7
33.Rd1xd7 Rd8xd7
34.Bc1f4 Nc7d5
35.Ra6d6 Rd7xd6
{ draw }
1/2-1/2

[Event "Tourn. n9251"]
[Site "www.chess-mail.com"]
[Date "2017.03.01"]
[Round "1"]
[White "Norlavuaram"]
[Black "Sonfamen"]
[WhiteElo "2140"]
[BlackElo "2119"]
[Result "1-0"]
[Round "1"]
1.e4 c5
2.Ng1f3 e6
3.d4 Nb8c6
4.Bc1e3 cxd4
5.Nf3xd4 Nc6xd4
6.Be3xd4 Qd8c7
7.Bf1d3 Bf8d6
8.Bd4xg7 Bd6e5
9.Qd1g4 Ng8f6
10.Qg4h4  { time }
1-0

[Event "Tourn. n8992"]
[Site "www.chess-mail.com"]
[Date "2017.03.01"]
[Round "1"]
[White "Frisker"]
[Black "Ejner"]
[WhiteElo "2340"]
[BlackElo "2450"]
[Result "0-1"]
[Round "1"]
1.d4 e6
2.Ng1f3 c5
3.g3 cxd4
4.Nf3xd4 d5
5.Bf1g2 Ng8f6
6.O-O e5
7.Nd4b3 Bc8e6
8.Nb1c3 Bf8e7
9.Bc1g5 Nb8d7
10.e4 dxe4
11.Nc3xe4 Qd8c7
12.Ne4c3 Be6c4
13.Rf1e1 O-O
14.Qd1f3 Ra8b8
15.Ra1d1 Rf8e8
16.h3 h6
17.Bg5c1 Be7b4
18.Re1e3 e4
19.Qf3f4 Qc7xf4
20.gxf4 Rb8d8
21.Nc3xe4 Nf6d5
22.Re3g3 Nd7f6
23.Ne4xf6 Nd5xf6
24.Rd1xd8 Re8xd8
25.Bc1e3 Nf6h5
26.Bg2xb7 Nh5xg3
27.fxg3 Rd8e8
28.Kf2 Bb4e1
29.Kf3 a5
30.g4 Re8b8
31.Bb7c6 a4
32.Bc6xa4 Rb8a8
33.Nb3c5 Bc4xa2
34.b3 Ba2b1
35.Ke2 Be1b4
36.Nc5d3 Bb4a3
37.Kd2 Kf8
38.Be3d4 f6
 { time }
0-1

[Event "Tourn. n9251"]
[Site "www.chess-mail.com"]
[Date "2017.03.01"]
[Round "1"]
[White "Sonfamen"]
[Black "Bojan"]
[WhiteElo "2119"]
[BlackElo "2000"]
[Result "0-1"]
[Round "1"]
1.e4 d6
2.Ng1f3 a6
3.Bf1c4 f6
4.Bc4xg8 Rh8xg8
5.c4 e5
6.Nb1c3 Bc8e6
7.b3 c6
8.d4 exd4
 { time }
0-1

[Event "Tourn. n9255"]
[Site "www.chess-mail.com"]
[Date "2017.03.01"]
[Round "1"]
[White "Sonfamen"]
[Black "Norlavuaram"]
[WhiteElo "2119"]
[BlackElo "2110"]
[Result "0-1"]
[Round "1"]
1.f3 e5
2.c4 Ng8f6
3.Nb1c3 Bf8b4
4.Qd1c2 O-O
5.e3 d5
6.cxd5 Nf6xd5
7.Nc3xd5 Qd8xd5
8.Qc2xc7 Nb8c6
 { time }
0-1

[Event "Tourn. n9110"]
[Site "www.chess-mail.com"]
[Date "2017.03.01"]
[Round "1"]
[White "Genius3"]
[Black "Malbertan"]
[WhiteElo "1840"]
[BlackElo "2030"]
[Result "0-1"]
[Round "1"]
1.d4 d5
2.Bc1f4 Bc8f5
3.e3 Ng8f6
4.Ng1f3 e6
5.Bf1d3 Bf5g4
6.h3 Bg4h5
7.Nb1d2 c5
8.c3 c4
9.Bd3e2 b5
10.a4 b4
11.O-O Qd8a5
12.Ra1c1 Nb8d7
13.Nf3e5 Bh5xe2
14.Qd1xe2 Qa5xa4
15.cxb4 Bf8xb4
16.Nd2f3 O-O
17.Ne5xd7 Nf6xd7
18.Qe2c2 Qa4xc2
19.Rc1xc2 Rf8c8
20.Rf1c1 Nd7b6
21.Nf3e5 a5
22.Ne5f3 a4
23.Nf3e5 a3
24.bxa3 Ra8xa3
25.Ne5f3 Ra3b3
26.Nf3e5 Bb4a3
27.Rc1a1 f6
28.Ne5f3 Rc8a8
29.Bf4c7 Nb6a4
30.Kf1 Ba3b2
31.Ra1b1 c3
32.Bc7g3 Na4b6
33.Bg3d6 Nb6c4
{ resign }
0-1

[Event "Tourn. n9215"]
[Site "www.chess-mail.com"]
[Date "2017.03.01"]
[Round "1"]
[White "Milkyway"]
[Black "Vaido12"]
[WhiteElo "1940"]
[BlackElo "1909"]
[Result "0-1"]
[Round "1"]
1.d4 d5
2.Bc1f4 Ng8f6
3.e3 c5
4.c3 Nb8c6
5.Ng1f3 Qd8b6
6.Qd1b3 c4
7.Qb3xb6 axb6
8.Nb1d2 b5
9.Bf1e2 h6
10.O-O Bc8f5
11.Nf3e5 e6
12.Ne5xc6 bxc6
13.b3 Bf8a3
14.bxc4 bxc4
15.f3 Bf5g6
16.Bf4e5 O-O
17.Be5xf6 gxf6
18.e4 Ba3b2
19.Ra1b1 Bb2xc3
20.Rb1d1 Ra8xa2
{ resign }
0-1

[Event "Tourn. n9181"]
[Site "www.chess-mail.com"]
[Date "2017.03.01"]
[Round "1"]
[White "Forest"]
[Black "Picifarkinca"]
[WhiteElo "1880"]
[BlackElo "1730"]
[Result "0-1"]
[Round "1"]
1.Nb1c3 Ng8f6
2.e4 e5
3.g3 d5
4.exd5 Nf6xd5
5.Bf1g2 Nd5xc3
6.bxc3 c6
7.Ng1e2 Bf8c5
8.O-O O-O
9.d4 exd4
10.cxd4 Bc5b6
11.Bc1b2 Bc8f5
12.c3 Nb8d7
13.Ne2f4 Rf8e8
14.Qd1d2 Nd7f6
15.Rf1e1 Bb6c7
16.Nf4d3 Qd8d6
17.Re1xe8 Ra8xe8
18.Nd3e5 Re8xe5
{ resign }
0-1

[Event "Match"]
[Site "www.echecsemail.com"]
[Date "2017.03.01"]
[Round "1"]
[White "Sonfamen"]
[Black "Micheles"]
[WhiteElo "1809"]
[BlackElo "2600"]
[Result "0-1"]
[Round "1"]
1.Nb1c3 d5
2.d4 Ng8f6
3.Ng1f3 Bc8f5
4.Bc1f4 e6
5.e3 Bf8b4
6.Bf1d3 Nf6e4
7.Bd3xe4 Bf5xe4
 { time }
0-1

[Event "Match"]
[Site "www.echecsemail.com"]
[Date "2017.03.01"]
[Round "1"]
[White "Jesmantiz"]
[Black "Luzhin"]
[WhiteElo "2190"]
[BlackElo "2190"]
[Result "0-1"]
[Round "1"]
1.d4 Ng8f6
2.e3 d5
3.Bf1d3 Nb8c6
4.f4 Bc8g4
5.Ng1f3 e6
6.Nb1d2 Bf8d6
7.a3 O-O
8.O-O Bg4f5
9.Bd3b5 Nc6e7
10.Nf3e5 c5
11.g4 Bd6xe5
12.gxf5 Be5d6
13.fxe6 fxe6
14.c3 Ne7f5
15.Nd2f3 c4
16.Nf3g5 Qd8e7
17.Kh1 h6
18.Ng5f3 g5
19.fxg5 Nf6e4
20.gxh6 Kh7
21.Bb5a4 Bd6xh2
22.Kxh2 Qe7f6
23.Qd1e1 Qf6xh6
24.Nf3h4 Nf5xh4
25.Qe1e2 Nh4f3
{ resign }
0-1

[Event "Match"]
[Site "www.echecsemail.com"]
[Date "2017.03.01"]
[Round "1"]
[White "Pellix84"]
[Black "Mechjoura"]
[WhiteElo "2060"]
[BlackElo "1809"]
[Result "1-0"]
[Round "1"]
1.d4 c6
2.e4 e5
3.Ng1f3 exd4
4.Nf3xd4 Qd8f6
5.Nb1c3 Bf8b4
6.Bc1e3 Qf6h4
7.Nd4f5 Qh4xe4
8.Nf5xg7 Kf8
9.Qd1e2 Qe4g6
10.Be3d4 f6
11.Ng7h5 c5
12.Nh5f4 Qg6f5
13.Bd4e3 d5
14.g4 Qf5d7
15.O-O-O d4
16.Nc3e4 Qd7a4
17.Qe2c4 Bc8xg4
18.Rh1g1 Bg4xd1
19.Nf4e6 Ke8
20.Ne4d6 Kd7
21.Rg1g7 Ng8e7
22.Ne6xc5 Bb4xc5
23.Qc4xa4 Kxd6
24.Be3f4 Ke6
25.Qa4c4 Ne7d5
26.Bf1h3 f5
27.Bh3xf5 Kxf5
28.Qc4xd5 Kxf4
29.Rg7f7 Kg4
30.Qd5g2 Kh4
31.Qg2g3 Kh5
32.Rf7f5 { resign }
1-0